01160nab a22002297a 450000500170000000800410001704000250005804100080008304400070009110000370009824500430013524600420017826000810022030000410030150501460034252002040048865000460069265000330073877301260077194200160089799900170091320150806121534.0150806b xxu||||| |||| 00| 0 spa d aCO-BoIAVHcCO-BoIAVH0 aspa ack1 aHerrera De MacBryde, Olga9366721 a500.000 envenenamientos por pesticidas1 a500000 envenenamientos por pesticidas3 aIbagué (Colombia):bCentro de publicaciones Universidad del Tolima,c1980. aVol.3, Nro. 35, Año 1980, Pag. 1-2 aIncluye carta dirigida por la autora a el Grupo ecológico de la Universidad del Tolima. Incluye texto del día mundial del medio ambiente. aProductos peligrosos tales como pesticidas y drogas deben ser sometidos a una serie de pruebas que indiquen que ellos llegan a ciertos requisitos legales y que no atentan contra la salud del hombre. 6aPesticidasxEfectos fisiológicos936675 6aPesticidasxToxicidad9366760 aUniversidad del TolimadIbagué (Colombia): Centro de publicaciones de la Universidad del Tolima, 1977.tSOS ecológico 2zcARTICULO c17654d17654